Avenged Sevenfold Songs Using Any Word - Statistics

General Stats
  • This quiz has been taken 401 times
    395 since last reset
  • The average score is 62 of 116
Answer Stats
Answer % Correct
Life is But a Dream...
97%
A Little Piece of Heaven
96%
Hail to the King
96%
Beast and the Harlot
94%
Welcome to the Family
94%
Sieze the Day
93%
We Come Out at Night
93%
The Stage
92%
To End the Rapture
92%
Unbound (The Wild Ride)
92%
Until the End
92%
Strength of the World
91%
The Wicked End
91%
Tonight the World Dies
91%
Warmness on the Soul
91%
The Fight
90%
Turn the Other Way
90%
Flash of the Blade
89%
The Art of Subconscious Illusion
89%
Waking the Fallen
89%
G
88%
I Won't See You Tonight (Part 1)
88%
I Won't See You Tonight (Part 2)
88%
Girl I Know
85%
Nightmare
84%
An Epic of Time Wasted
81%
Shepherd of Fire
81%
As Tears Go By
74%
Dear God
74%
Not Ready to Die
73%
We Love You
72%
God Hates Us
71%
Afterlife
70%
Afterlife (Alternate Version)
70%
So Far Away
70%
Trashed and Scattered
70%
Bat Country
69%
Wish You Were Here
69%
And All Things Will End
67%
Creating God
66%
God Damn
66%
God Only Knows
66%
Lost It All
66%
Lips of Deceit
63%
Save Me
63%
St. James
63%
Blinded in Chains
62%
Almost Easy (CLA Mix)
59%
Carry On
59%
Critical Acclaim
59%
Thick and Thin
59%
Almost Easy
58%
(D)eath
57%
Scream
55%
Unholy Confessions
55%
Burn It Down
54%
Gunslinger
54%
Set Me Free
54%
Buried Alive
53%
Chapter Four
52%
This Means War
52%
M.I.A
50%
Mattel
49%
Nobody
49%
4:00 AM
47%
Brompton Cocktail
47%
Lost
47%
Natural Born Killer
46%
Crimson Day
45%
Fiction
45%
(O)rdinary
45%
Acid Rain
43%
Danger Line
43%
Game Over
43%
Victim
43%
Doing Time
42%
Cosmic
38%
Exist
38%
Sidewinder
38%
Second Heartbeat
37%
Betrayed
35%
Planets
33%
Coming Home
32%
Heretic
32%
Requiem
32%
Dancing Dead
31%
Roman Sky
31%
Fermi Paradox
30%
Paradigm
30%
Remenissions
30%
Walk
30%
Mad Hatter
29%
Beautiful Morning
26%
Desecrate Through Reverence
26%
Sunny Disposition
26%
Angels
25%
Easier
24%
Crossroads
23%
Clairvoyant Disease
22%
Shattered By Broken Dreams
22%
Streets
22%
Eternal Rest
21%
Radiant Eclipse
21%
Simulation
21%
Demons
19%
Jade Helm
18%
Malagueña Salerosa
18%
Paranoid
18%
Higher
17%
Darkness Surrounding
16%
Dose
16%
Breaking Their Hold
11%
Retrovertigo
11%
Runaway
9%
Forgotten Faces
8%
Tension
7%
No matching quizzes found
Score Distribution
Percent of People with Each Score
Percentile by Number Answered
Your Score History
You have not taken this quiz since the last reset